What is this? - Statistics

General Stats
  • This quiz has been taken 24 times
  • The average score is 13 of 16
Answer Stats
Picture Answer % Correct
Book
100%
Microphone
100%
Crab
95%
Popcorn
95%
Toes
95%
Wine
95%
Light bulb
90%
Mouse
90%
Ski
90%
Fan
86%
Clarinet
81%
Daisy
76%
Postcard
71%
Wig
67%
Statue
43%
Zebu
10%
No matching quizzes found
Score Distribution
Percent of People with Each Score
Percentile by Number Answered
Your Score History
You have not taken this quiz